| 000 | 00989nam a2200325 4500 | ||
|---|---|---|---|
| 003 | EG-GICUC | ||
| 005 | 20260408113022.0 | ||
| 008 | 260408s1979 -us||||fr|||| 001 0 eng d | ||
| 020 | _a0379206625 | ||
| 040 |
_aEG-GiCUC _beng _cEG-GiCUC _dEG-GiCUC _erda |
||
| 041 | 0 | _aeng | |
| 082 | 0 | 4 |
_221 _a341.851 _bWE . I |
| 092 | 0 | 4 | _221 |
| 099 | _aLaw1 11 341.851 WE . I 1979 | ||
| 100 | 1 |
_aWetter, J. Gillis _eAuthor. |
|
| 245 | 1 | 4 |
_aThe international arbitral process : _bPublic and private. _nVolume 1 / _cJ. Gillis Wetter. |
| 264 | 1 |
_aNew York : _bOceana Publications, _c1979. |
|
| 300 |
_a617 pages ; _c24 cm |
||
| 336 |
_2rda content _atext |
||
| 337 |
_2rda media _aComputer |
||
| 338 |
_2rda carrier _aOnline Resource |
||
| 500 | _aIncludes index. | ||
| 546 | _aText in English | ||
| 650 | 1 | 4 | _aArbitration |
| 650 | 1 | 4 | _aPrivate international law |
| 651 | 1 | _2qrmak | |
| 856 | 4 | 0 | _uhttps://fll.law.cu.edu.eg/fulltext/bks/B12-03092.pdf |
| 905 | _a30 | ||
| 942 |
_2ddc _cBK _e21 _n0 |
||
| 999 |
_c69640 _d69640 |
||